000 00389nam a22001577a 4500
005 20231205151237.0
008 231205b |||||||| |||| 00| 0 eng d
082 _a891.4
_bSum
100 _aSumayya Ramzan
245 _aQuran par Amal
_hUrdu
250 _a8th ed.
260 _aLahore
_bArfan Afzal Press
_c2009
300 _a157
650 _aLiterature /Other Literature
999 _c34772
_d34772